Jak si zachovat sebedůvěru a moc při jednání s lidmi

Bibliographic Details
Main Author: Giblin, Les (Author)
Other Authors: Brázda, Jan (Translator)
Format: Book
Language:Czech
English
PhysicalDescription:172 s. 21 cm
Published: Praha Pragma [2007]
ISBN:9788073490607
Subjects:

MARC

LEADER 00000nam a2200000 a 4500
001 vtls009159869
003 SK-MaSNL
005 20260302093510.0
008 251031s2007 xr g f 000 0 cze
020 |a 9788073490607  |q (brož.) 
040 |a SNK  |b slo  |c SNK  |e AACR2 
041 1 |a cze  |h eng 
044 |a xr  |c CZ 
072 7 |a 316.4/.7  |x Sociálne interakcie  |2 konspekt 
080 |a 159.923.2  |2 2001 
080 |a 17.024.4  |2 2001 
080 |a 316.772.4  |2 2001 
080 |a (035)  |2 2001 
100 1 |a Giblin, Les  |4 aut  |9 764394 
240 1 0 |a Haw to have confidence and power in dealing vith people  |l Česky 
245 1 0 |a Jak si zachovat sebedůvěru a moc při jednání s lidmi  |c Les Giblin ; [z angl. orig. přel. Jan Brázda] 
260 |a Praha  |b Pragma  |c [2007] 
300 |a 172 s.  |c 21 cm 
650 0 7 |a sebadôvera  |2 SNKPH  |9 25749 
650 0 7 |a úspech  |2 SNKPH  |9 3804 
650 0 7 |a interpersonálna komunikácia  |2 SNKPH  |9 2690 
655 7 |a príručky  |2 SNKPH  |9 74364 
700 1 |a Brázda, Jan  |4 trl  |9 534793 
919 |a 978-80-7349-060-7 
999 |c 1209180  |d 1211110 
952 |a SNK  |b SNK  |y VYP  |7 0  |p 17A0567310  |o snkIC 135766  |i snk2007/25497  |8 4  |g 7.37  |0 0  |1 0  |4 0  |d 2007-11-16  |l 0  |r 2026-02-24 23:08:07  |w 2026-02-24 
952 |t snkGIB 316.77  |a SNKUST  |b SNKUST  |y PREZ  |7 0  |p 17A0570267  |o snkIC 135766 D1  |i snk2008/4721  |8 3  |g 7.47  |0 0  |1 0  |4 0  |d 2008-02-26  |l 0  |r 2025-04-29 00:00:00  |w 2026-02-24